<?xml version="1.0" encoding="UTF-8"?>
<record
    xmlns:xsi="http://www.w3.org/2001/XMLSchema-instance"
    xsi:schemaLocation="http://www.loc.gov/MARC21/slim http://www.loc.gov/standards/marcxml/schema/MARC21slim.xsd"
    xmlns="http://www.loc.gov/MARC21/slim">

  <leader>01171nam a2200217Ia 4500</leader>
  <controlfield tag="003">OSt</controlfield>
  <controlfield tag="005">20210429145208.0</controlfield>
  <controlfield tag="008">210310s2006    ck ao  gr     000 0 spa d</controlfield>
  <datafield tag="020" ind1=" " ind2=" ">
    <subfield code="a">9587100654</subfield>
  </datafield>
  <datafield tag="040" ind1=" " ind2=" ">
    <subfield code="a">CO-JMCR</subfield>
    <subfield code="c">CO-JMCR</subfield>
  </datafield>
  <datafield tag="041" ind1="0" ind2=" ">
    <subfield code="a">spa</subfield>
  </datafield>
  <datafield tag="082" ind1="0" ind2="4">
    <subfield code="a">333.717 / </subfield>
    <subfield code="b">C657c</subfield>
    <subfield code="2">23</subfield>
  </datafield>
  <datafield tag="110" ind1="2" ind2=" ">
    <subfield code="a">Universidad Externado de Colombia</subfield>
    <subfield code="9">8197</subfield>
  </datafield>
  <datafield tag="245" ind1="1" ind2="0">
    <subfield code="a">Control fiscal ambiental Tomo I / </subfield>
    <subfield code="c">Universidad Externado de Colombia</subfield>
  </datafield>
  <datafield tag="250" ind1=" " ind2=" ">
    <subfield code="a">Primera edici&#xF3;n </subfield>
  </datafield>
  <datafield tag="260" ind1=" " ind2=" ">
    <subfield code="a">Bogot&#xE1; : </subfield>
    <subfield code="b">Universidad Externado de Colombia.</subfield>
    <subfield code="c">2006.</subfield>
  </datafield>
  <datafield tag="300" ind1=" " ind2=" ">
    <subfield code="a">313 p&#xE1;ginas :</subfield>
    <subfield code="b">ilustraciones y fotograf&#xED;as en blanco y negro ; </subfield>
    <subfield code="c">24 cm.</subfield>
  </datafield>
  <datafield tag="505" ind1="0" ind2=" ">
    <subfield code="t">Consideraciones preliminares sobre el control fiscal ambiental. / </subfield>
    <subfield code="r">&#xD3;scar Gonz&#xE1;lez Arena. -- </subfield>
    <subfield code="t">marco legal del control fiscal ambiental Colombia / </subfield>
    <subfield code="r">&#xC1;lvaro Villate Supelano. -- </subfield>
    <subfield code="t">Alcances y limitaciones de la valoraci&#xF3;n econ&#xF3;mica de los bienes y servicios ambientales. / </subfield>
    <subfield code="r">Carmenza Castiblanco Rozo. --</subfield>
    <subfield code="t">Estado actual del control fiscal ambiental en Colombia. / </subfield>
    <subfield code="r">Martha Cecilia V&#xE9;lez V&#xE9;lez. -- </subfield>
    <subfield code="t">El control fiscal ambiental. / </subfield>
    <subfield code="r">Luis Francisco Pe&#xF1;a Angulo. -- </subfield>
    <subfield code="t">Control fiscal ambiental</subfield>
  </datafield>
  <datafield tag="650" ind1=" " ind2=" ">
    <subfield code="a">#N/A</subfield>
    <subfield code="9">25929</subfield>
  </datafield>
  <datafield tag="942" ind1=" " ind2=" ">
    <subfield code="2">ddc</subfield>
    <subfield code="c">BK</subfield>
  </datafield>
  <datafield tag="999" ind1=" " ind2=" ">
    <subfield code="c">11591</subfield>
    <subfield code="d">11591</subfield>
  </datafield>
  <datafield tag="952" ind1=" " ind2=" ">
    <subfield code="0">0</subfield>
    <subfield code="1">0</subfield>
    <subfield code="2">ddc</subfield>
    <subfield code="4">0</subfield>
    <subfield code="7">0</subfield>
    <subfield code="a">CPL</subfield>
    <subfield code="b">CPL</subfield>
    <subfield code="c">GEN</subfield>
    <subfield code="d">2018-04-15</subfield>
    <subfield code="e">Donaci&#xF3;n</subfield>
    <subfield code="o">333.717 / C657c</subfield>
    <subfield code="p">430003623</subfield>
    <subfield code="r">2024-05-16 00:00:00</subfield>
    <subfield code="t">Ej.1</subfield>
    <subfield code="w">2021-03-10</subfield>
    <subfield code="y">BK</subfield>
  </datafield>
</record>
